00985njm a2200277Ia 450000100060000000300090000600500170001500800410003204000130007304000130008610000170009910000180011610000380013424500240017225000110019626000080020726000690021530000100028430000290029450000150032350501320033865000450047070000530051570000540056870000850062220626IT-RoPAU20220918181147.0131025s9999 xx 000 0 und d aIT-RoPAU cIT-RoPAU aGarcia Jerry eAutore musica gCodice autore musica SPICS: 10911 aGarcia (Lp K 46139) a1a ed. aUSA bWARNER BROS RECORDSc1972 [1a Ed.:1972 - Ed. Lingua Orig.: 1972] aDISCO c41 minuti (Testo: pag.) aMusica pop aDeal - Bird Song - Sugaree - Loser - Late For Supper - Spidergawd - Eep Hour - To Lay Me Down - An Odd Little Place - The Wheel aPOP [DISCHI]eCodice MATERIA SPICS: 9950 aGarcia JerrygCodice autore SPICS: 10911eAutore aHunter RoberteAutoregCodice autore SPICS: 23033 aKreutzmann BillyeAutore testo e musicagCodice autore testo/musica SPICS: 23034